Geography Quiz

Random Geography or World Quiz

World Currencies (A-Z) Quiz Stats

 Plays Quiz Updated Dec 30, 2017

Also try: Funny Money
Challenge
Share
Tweet
Embed
Score 0/22 Timer 05:00
13 Plays Today
Letter Currency % Correct
DDollar, Dinar, Dram, Dalasi, Dirham, Dobra, Dong
98.3%
PPeso, Pound, Pataca, Peseta, Pa'anga, Pula
93.1%
EEuro, Escudo
86.6%
YYen, Yuan
83.1%
RRuble, Rand, Real, Renminbi, Rial, Rupee, Riel, Ringgit, Riyal, Rufiyaa, Rupiah
81.8%
FFranc, Florin, Forint
68.6%
LLira, Lek, Leone, Leu, Lev, Lari, Lempira, Litas, Loti, Lilangeni
62.2%
KKrone, Krona, Kina, Kip, Koruna, Kuna, Kwacha, Kwanza, Kyat
55.1%
BBolivar, Baht, Boliviano, Birr, Balboa
38.8%
SShekel, Shilling, Som, Sol, Somoni
37.7%
MMark, Manat, Metical
31.7%
Letter Currency % Correct
ZZloty
31%
WWon
20.8%
GGuilder, Gourde, Guarani
12.9%
QQuetzal
11.7%
CColon, Cedi, Convertible Mark, Cordoba
10.9%
AAfghani, Ariary, Apsar
9.9%
NNaira, Nakfa, Ngultrum, Nuevo Sol
9.6%
TTaka, Tenge, Togrog, Tala
9.2%
HHryvnia
5.2%
VVatu
4.2%
OOuguiya
3%

You're not logged in!

Compare scores with friends on all Sporcle quizzes.
OR
Log In

You Might Also Like...

Show Comments

Extras

Top Quizzes Today


Score Distribution

Your Account Isn't Verified!

In order to create a playlist on Sporcle, you need to verify the email address you used during registration. Go to your Sporcle Settings to finish the process.

Report this User

Report this user for behavior that violates our Community Guidelines.

Details: